000 00298nam a22001457a 4500
008 230524b ||||| |||| 00| 0 eng d
020 _a9782290239933
041 _aFRA
080 _a82
082 _a82CAT
100 _a38
101 _aGJL
245 _aAGATHE
_cCATHRINE.A
942 _2udc
_cBK
999 _c59847
_d59847